Kellen Smith Quiz - Statistics

General Stats
  • This quiz has been taken 33 times
  • The average score is 14 of 15
Answer Stats
Hint Answer % Correct
How many hits did I have last high school season for baseball? 0
100%
How much do I make an hour? 14
100%
What number am i for hockey? 24
100%
What number was I for baseball last year? 29
100%
How many varsity shifts have I got in hockey? 3
100%
How many goals do i have this season(so far)? 4
100%
What is the most goals I have ever scored in a game? 5
100%
How tall am I on a good day? 5'11"
100%
what month is my birthday in? January
100%
what position did i play in football as a kid? Quarterback
100%
And who works with me? Beckett
80%
Who Is my favorite musical artist? Kanye
80%
Where do I work? Superone
80%
What Is my least favorite class this semester? Woods
80%
Who is my favorite professional athlete right now? Anthony Edwards
60%
No matching quizzes found
Score Distribution
Percent of People with Each Score
Percentile by Number Answered
Your Score History
You have not taken this quiz